[Event "Hastings Premier 9798"]
[Site "Hastings"]
[Date "1997.12.29"]
[Round "1"]
[White "Plaskett, Jim"]
[Black "Rozentalis, Eduardas"]
[Result "1-0"]
[WhiteElo "2450"]
[BlackElo "2645"]

1.c4 e6 2.Nc3 Nf6 3.e4 d5 4.e5 Ne4 5.Nf3 Be7 6.Qc2 Nc6 7.d4 Nb4 8.Qb1 Ng5
9.Nxg5 Bxg5 10.f4 Be7 11.a3 Nc6 12.Be3 dxc4 13.Bxc4 Nxd4 14.Qe4 c5 15.O-O-O a6
16.Bxd4 cxd4 17.Rxd4 Qc7 18.Rhd1 O-O 19.R1d3 Rb8 20.Rh3 g6 21.Qe3 Rd8 22.Rxd8+ Qxd8
23.Ne4 Qc7 24.Qc3 Bd7 25.Bb3 Bc6 26.Bc2 Rd8 27.Qe1 Rd4 28.Rc3 Qd8 29.g3 Kg7
30.h4 Qd5 31.Re3 Rc4 32.Nd2 Rd4 33.Nb3 Ra4 34.Kb1 Bb5 35.h5 gxh5 36.Nd2 Rd4
37.Nf3 Rc4 38.Bb3 Bc5 39.Rc3 Rxc3 40.Bxd5 Re3 41.Qc1 Bd3+ 42.Ka1 exd5 43.Qxc5 Rxf3
44.e6 Bg6 45.e7 f6 46.Qc8  1-0

[Event "Hastings Premier 9798"]
[Site "Hastings"]
[Date "1997.12.29"]
[Round "1"]
[White "Relange, Eloi"]
[Black "Sadler, Matthew"]
[Result "0-1"]
[WhiteElo "2505"]
[BlackElo "2665"]

1.e4 c5 2.Nf3 d6 3.d4 cxd4 4.Nxd4 Nf6 5.Nc3 a6 6.Bg5 e6 7.f4 Be7 8.Qf3 Qc7
9.O-O-O Nbd7 10.g4 b5 11.Bxf6 Nxf6 12.g5 Nd7 13.f5 Bxg5+ 14.Kb1 Ne5 15.Qh5 Qd8
16.Nxe6 Bxe6 17.fxe6 O-O 18.Rg1 Bf6 19.exf7+ Kh8 20.Nd5 g6 21.Qh3 Rxf7 22.Nf4 Qd7
23.Qb3 Qc6 24.Bh3 Bg7 25.Rgf1 Raf8 26.Ne6 Rxf1 27.Bxf1 Rf2 28.a4 bxa4 29.Qb8+ Bf8
30.Nxf8 Qxc2+ 31.Ka2 Nc6 32.Nxg6+ Kg7 33.Qc7+ Rf7 34.Qb6 a5  0-1

[Event "Hastings Premier 9798"]
[Site "Hastings"]
[Date "1997.12.30"]
[Round "2"]
[White "Sadler, Matthew"]
[Black "Ward, Christopher"]
[Result "1/2-1/2"]
[WhiteElo "2665"]
[BlackElo "2485"]

1.d4 Nf6 2.c4 e6 3.Nc3 Bb4 4.e3 b6 5.Bd3 Bb7 6.Nf3 Ne4 7.O-O f5 8.d5 Bxc3
9.bxc3 Nc5 10.Ba3 Nba6 11.Re1 Qf6 12.Qc2 g6 13.e4 fxe4 14.Bxe4 O-O-O 15.Nd2 Rde8
16.Rad1 Qf7 17.d6 Nxe4 18.Nxe4 Qf5 19.dxc7 Bxe4 20.Rxe4 Nc5 21.Bxc5 Qxc5
22.Red4 Re7 23.Qa4 Qxc7 24.c5 bxc5 25.Rd6 Rf8 26.Qb5 Rf5 27.c4 h5 28.Rb1 Kd8
29.Qa6 Ref7 30.Rb7 Rxf2 31.Rxd7+ Qxd7 32.Rxd7+ Kxd7 33.Qxa7+ Kd6 34.Qb6+ Kd7
35.Qb7+ Kd6 36.Qb8+ Kd7 37.Qb5+ Kd6 38.Qb6+ Kd7 39.Qb7+ Kd6  1/2-1/2

[Event "Hastings Premier 9798"]
[Site "Hastings"]
[Date "1997.12.30"]
[Round "2"]
[White "Hebden, Mark"]
[Black "Relange, Eloi"]
[Result "1/2-1/2"]
[WhiteElo "2575"]
[BlackElo "2505"]

1.d4 f5 2.g3 Nf6 3.Bg2 e6 4.Nf3 d5 5.O-O Bd6 6.c4 c6 7.b3 Qe7 8.Bb2 b6 9.Ne5 Bb7
10.Qc2 O-O 11.Nd2 a5 12.Ndf3 Na6 13.Rac1 Rac8 14.Qb1 Ne4 15.Nd3 Nb4 16.Rfd1  1/2-1/2

[Event "Hastings Premier 9798"]
[Site "Hastings"]
[Date "1997.12.31"]
[Round "3"]
[White "Ward, Christopher"]
[Black "Hebden, Mark"]
[Result "1/2-1/2"]
[WhiteElo "2505"]
[BlackElo "2575"]

1.d4 Nf6 2.c4 g6 3.Nc3 Bg7 4.e4 d6 5.f3 O-O 6.Nge2 a6 7.Be3 c6 8.g4 Nbd7
9.h4 b5 10.Qd2 Qa5 11.h5 e5 12.Bh6 b4 13.Nd1 Bxh6 14.Qxh6 exd4 15.Nxd4 Ne5
16.Be2 b3+ 17.Qd2 Qxd2+ 18.Kxd2 bxa2 19.Rxa2 c5 20.Nc2 g5 21.Nde3 Rb8 22.Rd1 Rb6
23.Kc3 Be6 24.b3 Rfb8 25.Ra3 Kf8 26.Nd5 Bxd5 27.exd5 Re8 28.Re1 Ng8 29.Bd1 Nh6
30.Rf1 f6 31.Kd2 Kg7 32.Ne3 Reb8 33.Bc2 R8b7 34.Kc3 Ra7 35.Ra5 Re7 36.Kd2 Nd7
37.Raa1 Ne5 38.Ra3 Ra7 39.Ra5 Rb8 40.Ra3 a5 41.Bd1 Rf8 42.Bc2 Kh8 43.Ra4 Re8
44.Ra3 Kg7  1/2-1/2

[Event "Hastings Premier 9798"]
[Site "Hastings"]
[Date "1998.01.02"]
[Round "4"]
[White "Plaskett, Jim"]
[Black "Relange, Eloi"]
[Result "0-1"]
[WhiteElo "2450"]
[BlackElo "2505"]

1.e4 c5 2.Nc3 d6 3.f4 g6 4.d4 cxd4 5.Qxd4 Nf6 6.e5 Nc6 7.Bb5 Nd7 8.Bxc6 bxc6
9.e6 Nf6 10.exf7+ Kxf7 11.Nf3 Qb6 12.Qc4+ Ke8 13.b3 Ng4 14.Bd2 Ne3 15.Bxe3 Qxe3+
16.Kd1 Qb6 17.Re1 Bg4 18.Na4 Bxf3+ 19.gxf3 Qb5 20.Qc3 Rg8 21.Qe3 Rg7 22.Nc3 Qb6
23.Qd3 d5 24.Na4 Qb4 25.f5 gxf5 26.Qxf5 Qd4+  0-1

[Event "Hastings Premier 9798"]
[Site "Hastings"]
[Date "1998.01.03"]
[Round "5"]
[White "Tkachiev, Vladislav"]
[Black "Rausis, Igors"]
[Result "1-0"]
[WhiteElo "2615"]
[BlackElo "2490"]

1.e4 d5 2.exd5 Nf6 3.Nf3 Nxd5 4.d4 Bf5 5.Nh4 Be4 6.Nd2 Bg6 7.g3 c6 8.Bg2 e6
9.Nxg6 hxg6 10.Nf3 Be7 11.Qe2 Nd7 12.h4 Bb4+ 13.Kf1 Be7 14.c4 N5f6 15.Bd2 Qb6
16.b4 a5 17.c5 Qc7 18.b5 Nd5 19.b6 Qd8 20.Re1 Kf8 21.Bh3 Bf6 22.Kg2 Qe7 23.Qc4 Kg8
24.Re2 Nf8 25.Rhe1 Qd7 26.Re4 Ne7 27.Kg1 Qd5 28.Qa4 Nf5 29.Bf1 Qd7 30.Bf4 Ne7
31.Qc2 Rh5 32.Bc4 Nd5 33.Bd2 Rf5 34.Kg2 Rh5 35.Bc1 Qd8 36.Qb3 Qd7 37.Qd3 Rh8
38.Qc2 Nb4 39.Qb3 Nd5 40.Bd2 Qd8 41.Qb1 Qc8 42.Qc1 Bd8 43.R4e2 Nd7 44.Bd3 Bf6
45.Rh1 Nf8 46.Qb1 Qd7 47.a4 Ne7 48.Re4 Nf5 49.Be3 Ne7 50.Bc4 Nd5 51.Bd2 Qc8
52.Qe1 Bd8 53.Bxa5 Nd7 54.Bb3 N7f6 55.Re2 Ng4 56.Bd2 Nh6 57.a5 Nf5 58.Bc4 Bf6
59.Re4 Qd8 60.Qa1 Be7 61.Rd1 Nf6 62.Ree1 Nd7 63.Bg5 Bf6 64.Qa4 Nb8 65.d5 exd5
66.Bxd5 cxd5 67.Re8+ Kh7 68.Rxd8 Rxd8 69.Ne5 Bxe5 70.Bxd8 Nc6 71.Rxd5 f6
72.Bc7 Rxa5 73.Qc4 Ra3 74.Bxe5 fxe5 75.Rd3 Ra5 76.Rd7 Ra3 77.Qf7 e4 78.h5  1-0

[Event "Hastings Premier 9798"]
[Site "Hastings"]
[Date "1998.01.03"]
[Round "5"]
[White "Ward, Christopher"]
[Black "Plaskett, Jim"]
[Result "0-1"]
[WhiteElo "2485"]
[BlackElo "2450"]

1.d4 Nf6 2.c4 e6 3.Nc3 Bb4 4.g3 O-O 5.Bg2 Bxc3+ 6.bxc3 d6 7.Nf3 b6 8.Nd2 c6
9.O-O e5 10.a4 a5 11.c5 bxc5 12.dxe5 dxe5 13.Nc4 Qe7 14.Ba3 Ba6 15.Nxa5 e4
16.Nb3 Nbd7 17.Qc2 Qe5 18.c4 Rfe8 19.a5 Qh5 20.Rfd1 Ne5 21.Bxc5 Bxc4 22.Nd4 Nfd7
23.Bd6 c5 24.Bxe5 Nxe5 25.Bxe4 cxd4 26.Bxa8 Rxa8 27.Qe4 Rf8 28.f3 d3 29.g4 Qg5
30.exd3 Ba6 31.h4 Qf6 32.Kg2 Bxd3 33.g5 Bxe4 34.gxf6 Bxf3+ 35.Kg3 Bxd1 36.Rxd1 gxf6
37.a6 Ra8 38.Ra1 Ra7 39.Kf4 Nd3+ 40.Kf5 Kg7 41.h5 h6 42.Rg1+ Kf8 43.Ra1 Nc5
44.Ra5 Nxa6 45.Kxf6 Ra8  0-1

[Event "Hastings Premier 9798"]
[Site "Hastings"]
[Date "1998.01.06"]
[Round "8"]
[White "Plaskett, Jim"]
[Black "Hebden, Mark"]
[Result "1-0"]
[WhiteElo "2450"]
[BlackElo "2575"]

1.Nf3 Nf6 2.d4 g6 3.c4 Bg7 4.Nc3 O-O 5.Bg5 c5 6.d5 d6 7.Nd2 h6 8.Bh4 g5 9.Bg3 Nh5
10.e3 Nxg3 11.hxg3 f5 12.Bd3 Nd7 13.Nf3 e6 14.dxe6 Nb6 15.g4 fxg4 16.Nh2 Bxc3+
17.bxc3 Qf6 18.Nxg4 Qxc3+ 19.Kf1 Bxe6 20.Nxh6+ Kg7 21.Rh5 Qxd3+ 22.Qxd3 Bxc4
23.Qxc4 Nxc4 24.Ng4 Rf5 25.Ke2 Rh8 26.Rxh8 Kxh8 27.Rh1+ Kg7 28.e4 Rf4 29.f3 b5
30.Rh5 Rxg4 31.fxg4 Kf6 32.g3 a5 33.Rh6+ Ke5 34.Rg6 Kxe4 35.Rxg5 a4 36.Rf5 b4
37.Rf4+ Kd5 38.g5 Ne5 39.a3 Ng6 40.Rf3 b3 41.Kd2 Ke5 42.Rf6 Ne7 43.Rf7 Ke6
44.Rf6+ Ke5 45.Rf7 Ke6 46.Rf4 d5 47.Rxa4 d4 48.Ra6+ Kd5 49.g6 c4 50.g7 c3+
51.Kd3 b2 52.Rb6 Kc5 53.Rb8  1-0

[Event "Hastings Premier 9798"]
[Site "Hastings"]
[Date "1998.01.06"]
[Round "8"]
[White "Relange, Eloi"]
[Black "Ward, Christopher"]
[Result "1/2-1/2"]
[WhiteElo "2505"]
[BlackElo "2505"]

1.c4 c5 2.Nf3 Nc6 3.Nc3 Nf6 4.g3 d5 5.cxd5 Nxd5 6.Bg2 Nc7 7.Qa4 Bd7 8.Qe4 g6
9.Ne5 Bg7 10.Nxd7 Qxd7 11.O-O Ne6 12.Qa4 h5 13.Bxc6 bxc6 14.h4 g5 15.d3 gxh4
16.Qxh4 Bf6 17.Qe4 Rg8 18.Qf5 Bxc3 19.bxc3 h4 20.g4 Nc7  1/2-1/2

[Event "Hastings Premier 9798"]
[Site "Hastings"]
[Date "1998.01.06"]
[Round "8"]
[White "Rozentalis, Eduardas"]
[Black "Rausis, Igors"]
[Result "1-0"]
[WhiteElo "2645"]
[BlackElo "2490"]

1.e4 c5 2.Nf3 d6 3.d4 cxd4 4.Qxd4 Nc6 5.Bb5 Bd7 6.Bxc6 Bxc6 7.c4 Nf6 8.Nc3 g6
9.O-O Bg7 10.Qd3 O-O 11.Nd4 Qb6 12.Rd1 Ng4 13.Qd2 e6 14.b3 Nf6 15.Nxc6 Qxc6
16.f3 b5 17.cxb5 Qc5+ 18.Qe3 Rfc8 19.Qxc5 Rxc5 20.Bb2 Ne8 21.Rac1 Bh6 22.Rb1 Bg7
23.Na4 Rxb5 24.Ba3 Bf8 25.Rbc1 f5 26.Rc6 Be7 27.Nb2 Rb6 28.Rc2 Kf7 29.Nc4 Rc6
30.Rcd2 Rd8 31.Bb4 Kf8 32.a3 Ra6 33.g4 fxe4 34.fxe4 Kg7 35.Rd3 Rc6 36.e5 Rd7
37.exd6 Bf6 38.g5  1-0

[Event "Hastings Premier 9798"]
[Site "Hastings"]
[Date "1998.01.07"]
[Round "9"]
[White "Rausis, Igors"]
[Black "Plaskett, Jim"]
[Result "1/2-1/2"]
[WhiteElo "2490"]
[BlackElo "2450"]

1.Nf3 Nf6 2.c4 c5 3.Nc3 Nc6 4.g3 e6 5.Bg2 d5 6.cxd5 Nxd5 7.O-O Be7 8.Nxd5 exd5
9.d4 O-O 10.dxc5 Bxc5 11.Ng5 Bd4 12.Qb3 h6 13.Nh3 g5 14.Kh1 Bf5 15.Ng1 Bg7
16.Be3 Qd7 17.Rfd1 d4 18.Bd2 Rfe8 19.Rac1 Rad8 20.Rc5 Be4 21.Re1 Re7 22.Bxe4 Rxe4
23.Qd3 Rde8 24.Kg2 a6 25.Kf1 Qe6 26.Qb3 Qxb3 27.axb3 d3 28.Bc3 Nd4 29.exd3 Rxe1+
30.Bxe1 Nxb3 31.Rc7 b5 32.Ra7 Re6 33.Bc3 Bxc3 34.bxc3 Nd2+ 35.Kg2 g4 36.d4 Kg7
37.h3 gxh3+ 38.Nxh3 Ne4 39.Nf4 Rc6 40.d5 Rd6 41.Rc7 Nf6 42.Rc6 Rd7 43.d6 Ne4
44.Rxa6 Rxd6 45.Rxd6 Nxd6 46.Nd5 Kg6 47.Kf3 Kf5 48.Ke3 Ke5 49.Nc7 h5 50.f3 f5
51.f4+ Kf6 52.Kf3 Kf7 53.Kg2 Ke7 54.Kh3 Kd7 55.Nd5 Ke6 56.Nc7+ Kd7 57.Nd5 Ne4
58.Kh4 Kd6 59.Ne3 Nxc3 60.Nxf5+ Kc5 61.Ne3 b4 62.f5 Ne4 63.Kxh5 b3 64.Nd1 Nxg3+
65.Kg6 Nxf5 66.Kxf5  1/2-1/2

[Event "Hastings Premier 9798"]
[Site "Hastings"]
[Date "1998.01.07"]
[Round "9"]
[White "Ward, Christopher"]
[Black "Rozentalis, Eduardas"]
[Result "0-1"]
[WhiteElo "2505"]
[BlackElo "2645"]

1.d4 e6 2.Nf3 Nf6 3.Bg5 c5 4.c3 Be7 5.Nbd2 d5 6.e3 h6 7.Bh4 Qb6 8.Qb1 Bd7
9.a4 Nc6 10.Bd3 c4 11.Bc2 O-O-O 12.b3 cxb3 13.Nxb3 a5 14.Nbd2 Qxb1+ 15.Rxb1 g5
16.Bg3 Nh5 17.Ne5 Nxg3 18.hxg3 Nxe5 19.dxe5 f6 20.Nf3 Kb8 21.exf6 Bxf6 22.Nd4 Rc8
23.Kd2 e5 24.Ne2 Ka7 25.Rb2 b6 26.f3 h5 27.Bb3 Rc5 28.Nc1 h4 29.Nd3 Rcc8
30.e4 dxe4 31.fxe4 hxg3 32.Rf1 Rhf8 33.c4 g4 34.Rbb1 Bc6 35.c5 Bxe4 36.cxb6+ Kb8
37.Ke3 Bxg2 38.Rf5 Rc3 39.Kd2 e4 40.Nc5 Rd8+ 41.Ke2 Bf3+ 42.Ke1 g2  0-1

[Event "Hastings Premier 9798"]
[Site "Hastings"]
[Date "1998.??.??"]
[Round "7"]
[White "Sadler, Matthew"]
[Black "Plaskett, Jim"]
[Result "1-0"]
[WhiteElo "2665"]
[BlackElo "2450"]

1.d4 d6 2.e4 Nf6 3.Nc3 g6 4.f4 Bg7 5.Nf3 O-O 6.Be3 b6 7.Qd2 c5 8.d5 Nbd7
9.h3 Rb8 10.Bb5 a6 11.Bxd7 Qxd7 12.e5 Ne8 13.O-O Bb7 14.Rad1 Nc7 15.a3 Rbd8
16.b4 Qc8 17.Qf2 Qa8 18.bxc5 dxc5 19.Rb1 Nxd5 20.Nxd5 Bxd5 21.Rxb6 c4 22.Bc5 Rd7
23.c3 Rb8 24.Rfb1 Rbd8 25.Bd4 e6 26.h4 Bf8 27.a4 Bc6 28.h5 gxh5 29.f5 Be4
30.fxe6 fxe6 31.Rf1 Bf5 32.Ng5 Re8 33.Qh4 Rg7 34.Qxh5 Be7 35.Rxa6 Qc8 36.Rxf5 exf5
37.Nxh7 Qxa6 38.Nf6+ Bxf6 39.Qxe8+ Kh7 40.exf6  1-0